LA Dodgers Quiz #1 - Statistics

General Stats
  • This quiz has been taken 113 times
  • The average score is 4 of 5
Answer Stats
Hint Answer % Correct
Who was the first black player in the MLB? Jackie Robinson
100%
Who had the famous walk-off home run in Game One of the 1988 World Series? Kirk Gibson
84%
Which pitcher threw 5 no-hitters including a perfect game? Sandy Koufax
82%
Which catcher won three MVPs? Roy Campanella
55%
Who has the most home runs for the Dodgers? Duke Snider
46%
No matching quizzes found
Score Distribution
Percent of People with Each Score
Percentile by Number Answered
Your Score History
You have not taken this quiz